All rods in Fisch (St Patricks day) - Statistics

General Stats
  • This quiz has been taken 26 times
  • The average score is 20 of 60
Answer Stats
Hint Answer % Correct
5250$ Lucky
68%
lvl 500 nolife
63%
4500$ Fast
53%
1.75M$ heavens
53%
Orc quest Magma
53%
found in treasure chest Sunken
53%
1.7M$ Zeus trial zeus
53%
90000$ aurora
47%
2000$ Carbon
47%
15M$ ethereal prism
47%
Free Flimsy
47%
1.333.333M$ kraken
47%
300000$ (crafting) rod of the forgotten fang
47%
7000$ Steady
47%
13337$ brick
42%
4500$ Long
42%
750,000$ 2 relics rod of the depths
42%
10M$ rod of the zenith
42%
lvl 1000 seraphic rod
42%
sunken chest auric
37%
2.5M$ challengers
37%
120000$ kings
37%
55000$ Midas
37%
110000$ mythical
37%
40000$ Phoenix
37%
900$ Plastic
37%
7 different relics rod of the exalted one
37%
300$ Training
37%
25000$ Artic
32%
35000$ Avalanche
32%
100000$ (crafting) celestial
32%
80000$ champions
32%
40000$ Depth seeker
32%
most luck in the game destiny rod
32%
12750$ Fortune
32%
Agaric quest Fungal
32%
1M$ leviathan fang
32%
50000$(crafting) lost
32%
15000$ Magnet
32%
14000$ Rapid
32%
250000$ (crafting) rod of the eternal king
32%
3000$ Stone
32%
1.850M$ tempest
32%
300000$ volcanic
32%
Starter pack Fischers
26%
150000$ trident
26%
7500$ (crafting) precision
21%
20000$ Reinforced
21%
15000$ (crafting) resourceful
21%
1M$ ethereal abyss abyssal spector
16%
35000$ Crystalised
16%
65000$ ice warpers
16%
1.555.555M$ posiedon
16%
35000$ (crafting) seasons
16%
300000$ summit
16%
30000$ (crafting) voyager
16%
50000$ (crafting) wisdom
16%
40000$ (crafting) riptide
11%
50000$ Scurvy
11%
11000$ Noctural
0%
No matching quizzes found
Score Distribution
Percent of People with Each Score
Percentile by Number Answered
Your Score History
You have not taken this quiz